[Event "Women's Speed Chess Q6"]
[Site "chess.com INT"]
[Date "2021.06.05"]
[Round "1"]
[White "Golubeva, Oksana"]
[Black "Golubenko, Valentina"]
[Result "1-0"]
[WhiteTitle "WFM"]
[BlackTitle "WGM"]
[WhiteElo "2179"]
[BlackElo "2209"]
[WhiteFideId "4170164"]
[BlackFideId "4501993"]
[EventDate "2021.06.05"]

1. Nf3 g6 2. d4 Bg7 3. g3 Nf6 4. b3 O-O 5. Bb2 d5 6. Bg2 c6 7. Ne5 Nbd7 8. Nd2
Nxe5 9. dxe5 Ng4 10. Nf3 Qc7 11. Qd4 Rd8 12. h3 Nh6 13. g4 f5 14. O-O-O Nf7 15.
b4 a5 16. a3 axb4 17. axb4 b6 18. Qe3 c5 19. e6 Bxb2+ 20. Kxb2 Nd6 21. Ne5 d4
22. Qg3 Bb7 23. Ra1 cxb4 24. Bxb7 Qxb7 25. gxf5 Nxf5 26. Qb3 Ra2+ 27. Rxa2 Rc8
28. Rha1 Qc7 29. f4 Nd6 30. Ra8 Kg7 31. Rxc8 Qxc8 32. Ra7 Qd8 33. Rd7 Qc8 34.
Rxe7+ Kf6 35. Rd7 Ne4 36. Rf7# 1-0

[Event "Women's Speed Chess Q6"]
[Site "chess.com INT"]
[Date "2021.06.05"]
[Round "1"]
[White "Batsiashvili, Nino"]
[Black "Sikorova, Olga"]
[Result "0-1"]
[WhiteTitle "GM"]
[BlackTitle "WGM"]
[WhiteElo "2491"]
[BlackElo "2215"]
[WhiteFideId "13602993"]
[BlackFideId "307033"]
[EventDate "2021.06.05"]

1. c4 Nf6 2. Nc3 g6 3. g3 Bg7 4. Bg2 O-O 5. e4 d6 6. f4 c5 7. Nf3 Nc6 8. O-O Bg4
9. h3 Be6 10. d3 h5 11. Be3 a6 12. a4 Rb8 13. Ng5 Bd7 14. f5 Ne5 15. Nd5 b5 16.
axb5 axb5 17. b3 bxc4 18. bxc4 Nxd5 19. cxd5 Rb2 20. Rf2 Qb6 21. Ra2 Qb3 22. Qf1
Rxa2 23. fxg6 Rxf2 24. Qxf2 Qd1+ 25. Kh2 fxg6 26. Qa2 Qxd3 27. Bf4 h4 28. Qa7
Rxf4 29. gxf4 Qg3+ 30. Kh1 Qxf4 31. Ne6 Bxe6 32. dxe6 Nf3 33. Qb8+ Bf8 34. Bxf3
Qxf3+ 35. Kh2 Qxe4 36. Qe8 Qxe6 37. Kg2 c4 38. Qc6 Qe2+ 39. Kg1 Qd3 40. Qd7 c3
41. Qe6+ Kg7 42. Kg2 c2 43. Qe1 Qg3+ 44. Qxg3 hxg3 45. Kxg3 0-1

[Event "Women's Speed Chess Q6"]
[Site "chess.com INT"]
[Date "2021.06.05"]
[Round "1"]
[White "Kairbekova, Amina"]
[Black "Avramidou, Anastasia"]
[Result "0-1"]
[WhiteTitle "WFM"]
[BlackTitle "FM"]
[WhiteElo "2132"]
[BlackElo "2238"]
[WhiteFideId "13712799"]
[BlackFideId "4239873"]
[EventDate "2021.06.05"]

1. e4 g6 2. d4 Bg7 3. Nc3 c6 4. Be3 d5 5. e5 Nh6 6. f4 f6 7. Nf3 O-O 8. h3 c5 9.
dxc5 e6 10. Bf2 fxe5 11. fxe5 Nc6 12. Bb5 Nxe5 13. Nxe5 Bxe5 14. Qe2 Bg7 15. O-O
Nf5 16. Rad1 a6 17. Bd3 Bd7 18. Bxf5 Rxf5 19. Bd4 Bxd4+ 20. Rxd4 Qf6 21. Rdd1
Rxf1+ 22. Rxf1 Qd4+ 23. Kh1 Qxc5 24. Qe5 Rf8 25. Rd1 Rf5 26. Qb8+ Qc8 27. Qxc8+
Bxc8 28. Kg1 Bd7 29. Ne4 Bc6 30. Nc5 Kf7 31. c3 Ke7 32. g4 Rf3 33. Kg2 d4 34.
Rxd4 Rxc3+ 35. Ne4 Rc2+ 36. Kf3 Rxb2 37. Kf4 Bxe4 38. Rxe4 Rxa2 39. Kg5 Rh2 40.
Re3 b5 41. Kh6 b4 42. Kxh7 a5 43. Kxg6 a4 44. g5 a3 45. Re1 b3 46. Kg7 a2 47. g6
b2 48. Kh8 Rxh3+ 49. Kg7 0-1

[Event "Women's Speed Chess Q6"]
[Site "chess.com INT"]
[Date "2021.06.05"]
[Round "1"]
[White "Soumya, Swaminathan"]
[Black "Luong, Phuong Hanh"]
[Result "0-1"]
[WhiteTitle "IM"]
[BlackTitle "WIM"]
[WhiteElo "2351"]
[BlackElo "2229"]
[WhiteFideId "5016193"]
[BlackFideId "12401013"]
[EventDate "2021.06.05"]

1. d4 Nf6 2. c4 g6 3. Nf3 Bg7 4. g3 O-O 5. Bg2 d5 6. O-O c6 7. b3 a5 8. Nc3 Ne4
9. Bb2 Nxc3 10. Bxc3 a4 11. Ne5 dxc4 12. bxc4 Nd7 13. f4 Nxe5 14. fxe5 Qc7 15.
e3 Be6 16. Qe2 Rfd8 17. Rac1 Qd7 18. e4 Bg4 19. Qe3 b5 20. cxb5 cxb5 21. d5 Rac8
22. Ba1 b4 23. h3 Rxc1 24. Rxc1 Bxh3 25. e6 Bxe6 26. dxe6 Qxe6 27. Bxg7 Kxg7 28.
e5 Qxa2 29. Rf1 Qc4 30. Rf4 Qb5 31. Qf2 Qe8 32. Rxb4 a3 33. Qa2 Rd1+ 0-1

[Event "Women's Speed Chess Q6"]
[Site "chess.com INT"]
[Date "2021.06.05"]
[Round "1"]
[White "Vantika, Agrawal"]
[Black "Kabanova, Ekaterina"]
[Result "1/2-1/2"]
[WhiteTitle "WIM"]
[BlackTitle "WFM"]
[WhiteElo "2286"]
[BlackElo "2138"]
[WhiteFideId "25050389"]
[BlackFideId "24112917"]
[EventDate "2021.06.05"]

1. d4 c5 2. d5 e5 3. e4 a6 4. a4 d6 5. Nc3 Ne7 6. h4 h6 7. h5 Ng8 8. Be3 Nf6 9.
f3 Be7 10. g4 Nh7 11. Qd2 Bh4+ 12. Bf2 Bg5 13. Qd3 b6 14. Nh3 Nd7 15. Nxg5 Nxg5
16. Be2 Nf6 17. Nd1 Bd7 18. Ne3 O-O 19. Bh4 Nfh7 20. Nf5 Bxf5 21. gxf5 f6 22.
Kf2 Qe8 23. Bg3 Nf7 24. c3 Nhg5 25. Kg2 Nd8 26. Bf2 Nb7 27. Be3 Na5 28. b4 c4
29. Qc2 Nb3 30. Ra3 b5 31. Bd1 a5 32. axb5 Qxb5 33. Qa2 a4 34. Be2 Rfc8 35. Qb2
Qe8 36. Qa2 Kh7 37. Qb1 Qd7 38. Qf1 Qc7 39. Qf2 Qd7 40. Rb1 Qe8 41. Qh4 Kg8 42.
Rb2 Qb5 43. Rba2 Qe8 44. Bd1 Qf8 45. Bc2 Qe8 46. Bd1 Kh7 47. Be2 Kg8 48. Bd1 1/2-1/2

[Event "Women's Speed Chess Q6"]
[Site "chess.com INT"]
[Date "2021.06.05"]
[Round "1"]
[White "Padmini, Rout"]
[Black "Obregon Garcia, Roxangel"]
[Result "1-0"]
[WhiteTitle "IM"]
[BlackTitle "WIM"]
[WhiteElo "2370"]
[BlackElo "2167"]
[WhiteFideId "5029295"]
[BlackFideId "3520420"]
[EventDate "2021.06.05"]

1. e4 c5 2. Nf3 Nc6 3. Nc3 d6 4. Bb5 Bd7 5. O-O Nf6 6. d4 cxd4 7. Nxd4 e6 8.
Nxc6 Bxc6 9. Bxc6+ bxc6 10. Qd3 Be7 11. Qg3 Kf8 12. Be3 h5 13. h3 h4 14. Qf3 Qa5
15. Rad1 d5 16. a3 Rb8 17. Bd4 Rd8 18. exd5 cxd5 19. Qe3 Rd7 20. b4 Qxa3 21. Ra1
Qxb4 22. Rfb1 Qd6 23. Nb5 Qc6 24. Nxa7 Qc4 25. Nb5 Kg8 26. Ra8+ Kh7 27. Rxh8+
Kxh8 28. Nc3 Kh7 29. Ne2 g6 30. c3 Ne4 31. Qf4 1-0

[Event "Women's Speed Chess Q6"]
[Site "chess.com INT"]
[Date "2021.06.05"]
[Round "1"]
[White "Steil-Antoni, Fiona"]
[Black "Antolak, Julia"]
[Result "1/2-1/2"]
[WhiteTitle "WIM"]
[BlackTitle "WIM"]
[WhiteElo "2129"]
[BlackElo "2309"]
[WhiteFideId "4001249"]
[BlackFideId "1159569"]
[EventDate "2021.06.05"]

1. e4 c5 2. Nc3 e6 3. f4 d5 4. Bb5+ Bd7 5. Qe2 d4 6. Bxd7+ Qxd7 7. Nd1 Nc6 8.
Nf3 Be7 9. d3 Nf6 10. O-O O-O 11. a3 Ne8 12. Nf2 a6 13. Ne5 Nxe5 14. fxe5 f6 15.
exf6 Nxf6 16. Bd2 Qe8 17. Ng4 Nd7 18. Rxf8+ Bxf8 19. Rf1 Qg6 20. Bf4 Be7 21. Ne5
Nxe5 22. Bxe5 Bg5 23. Bf4 Rf8 24. Bxg5 Qxg5 25. Rxf8+ Kxf8 26. Qf2+ Ke7 27. h3
h6 28. Qe1 Qf4 29. a4 b6 30. b3 g5 31. Qf2 e5 32. g3 Qc1+ 33. Kg2 Qd1 34. h4 g4
35. Kh2 b5 36. axb5 axb5 37. Kg2 Qc1 38. Kh2 Qd1 39. Kg2 Ke8 40. Kh2 Ke7 1/2-1/2

[Event "Women's Speed Chess Q6"]
[Site "chess.com INT"]
[Date "2021.06.05"]
[Round "1"]
[White "Mohota, Nisha"]
[Black "Purtseladze, Maka"]
[Result "0-1"]
[WhiteTitle "IM"]
[BlackTitle "IM"]
[WhiteElo "2195"]
[BlackElo "2274"]
[WhiteFideId "5004330"]
[BlackFideId "13602659"]
[EventDate "2021.06.05"]

1. b3 Nf6 2. Bb2 g6 3. Nf3 Bg7 4. g3 c5 5. c4 b6 6. Bg2 Bb7 7. O-O O-O 8. d4
cxd4 9. Nxd4 Bxg2 10. Kxg2 Nc6 11. e3 Qc7 12. Nc3 Qb7 13. f3 Rfd8 14. e4 a6 15.
Rc1 Rac8 16. Nce2 e6 17. Qd2 d6 18. Rfd1 Ne5 19. h3 b5 20. cxb5 axb5 21. Rxc8
Rxc8 22. Qb4 Nxe4 23. Qxb5 Qxb5 24. Nxb5 Rc2 25. fxe4 Rxe2+ 26. Kf1 Rxb2 27.
Rxd6 Rxa2 28. Rd8+ Bf8 29. Nd6 Kg7 30. Ne8+ Kh6 31. Nf6 Ra1+ 32. Ke2 Ra2+ 33.
Kd1 Bg7 34. Ng8+ Kg5 35. Rb8 Ra1+ 36. Kd2 f5 37. exf5 exf5 38. Rb7 Bh6 39. Kc3
Rc1+ 40. Kb2 Rg1 41. Rxh7 Rg2+ 0-1

[Event "Women's Speed Chess Q6"]
[Site "chess.com INT"]
[Date "2021.06.05"]
[Round "1"]
[White "Kanyamarala, Trisha"]
[Black "Sliwicka, Alicja"]
[Result "1/2-1/2"]
[WhiteTitle "WIM"]
[BlackTitle "WIM"]
[WhiteElo "2180"]
[BlackElo "2308"]
[WhiteFideId "45004722"]
[BlackFideId "1150677"]
[EventDate "2021.06.05"]

1. e4 c5 2. Nf3 d6 3. d4 cxd4 4. Qxd4 Nf6 5. c4 Nc6 6. Qe3 g6 7. a3 Bg7 8. Nc3
O-O 9. Be2 Be6 10. O-O Na5 11. Nd5 Bxd5 12. cxd5 b6 13. h3 Rc8 14. Rb1 Nd7 15.
Nd2 Qc7 16. b4 Nb7 17. Bb2 Bxb2 18. Rxb2 Qc3 19. Rb3 Qxe3 20. Rxe3 Rc2 21. Nb3
Ne5 22. Nd4 Rd2 23. Nc6 Nxc6 24. dxc6 Nd8 25. c7 Ne6 26. Rc3 Rc8 27. Bg4 Rxc7
28. Rfc1 Rxc3 29. Rxc3 Nd4 30. Rc8+ Kg7 31. Rc7 h5 32. Bc8 a5 33. bxa5 bxa5 34.
Rxe7 Kf6 35. Ra7 Nc6 36. Ra6 Rc2 37. Bb7 Nd8 38. Rxd6+ Ke7 39. Rb6 Ra2 40. Rb3
a4 41. Rb4 Rxa3 42. Bd5 Ra1+ 43. Kh2 a3 44. Ra4 Ne6 45. Ra7+ Kf6 46. Kg3 g5 47.
Kf3 Nd4+ 48. Ke3 Ne6 49. Kf3 Kg6 50. Ra6 Kf6 51. Ra7 1/2-1/2

[Event "Women's Speed Chess Q6"]
[Site "chess.com INT"]
[Date "2021.06.05"]
[Round "1"]
[White "Szente Varga, Fruzsina"]
[Black "Tania, Sachdev"]
[Result "1/2-1/2"]
[WhiteTitle "WFM"]
[BlackTitle "IM"]
[WhiteElo "2100"]
[BlackElo "2392"]
[WhiteFideId "712264"]
[BlackFideId "5007844"]
[EventDate "2021.06.05"]

1. e4 c5 2. Nf3 e6 3. b3 d6 4. Bb2 Nf6 5. e5 dxe5 6. Nxe5 Bd6 7. Bb5+ Nbd7 8. f4
O-O 9. O-O a6 10. Bxd7 Nxd7 11. d3 Nxe5 12. fxe5 Bc7 13. Nd2 b6 14. Qh5 Bb7 15.
Rf4 h6 16. Raf1 Qg5 17. Qxg5 hxg5 18. Rg4 Bd8 19. Nf3 f5 20. exf6 gxf6 21. Nd2
e5 22. h4 f5 23. Rg3 f4 24. Rxg5+ Bxg5 25. hxg5 Rae8 26. Ne4 Bxe4 27. dxe4 Kg7
28. Kf2 Kg6 29. Kf3 Kxg5 30. Rd1 Rd8 31. Rxd8 Rxd8 32. Bxe5 Rf8 33. Bc3 b5 34.
a3 c4 35. Bb4 Rc8 36. bxc4 Rxc4 37. c3 Rc8 38. Be7+ Kg6 39. Bb4 Rd8 40. Kxf4 Rd2
41. g4 Rf2+ 42. Kg3 Re2 43. Kf3 Re1 44. Kf4 Rf1+ 45. Ke5 Kg5 46. Kd5 Kxg4 47. e5
Kf5 48. e6 Re1 49. e7 Kf6 50. Kc6 Kf7 51. Kb6 Re6+ 52. Ka5 Rc6 53. a4 bxa4 54.
Kxa4 Rxc3 55. Bxc3 Kxe7 56. Ka5 Ke6 57. Kxa6 1/2-1/2

[Event "Women's Speed Chess Q6"]
[Site "chess.com INT"]
[Date "2021.06.05"]
[Round "1"]
[White "Gaponenko, Inna"]
[Black "Von Herman, Brigitte"]
[Result "1-0"]
[WhiteTitle "IM"]
[BlackTitle "WFM"]
[WhiteElo "2357"]
[BlackElo "1991"]
[WhiteFideId "14101181"]
[BlackFideId "4628730"]
[EventDate "2021.06.05"]

1. e4 e5 2. Nf3 Nc6 3. Bb5 a6 4. Bxc6 dxc6 5. O-O Bg4 6. h3 Bh5 7. g4 Bg6 8.
Nxe5 Qh4 9. Qf3 f6 10. Nxg6 hxg6 11. Kg2 Ne7 12. Nc3 g5 13. d4 Qh7 14. Qg3 O-O-O
15. f4 Rxd4 16. f5 g6 17. Be3 Rd7 18. Rad1 Ng8 19. Rxd7 Kxd7 20. Rd1+ Kc8 21.
Bf2 Bd6 22. Qe3 gxf5 23. exf5 Ne7 24. Rd3 b6 25. Ne4 Nd5 26. Nxd6+ cxd6 27. Qe6+
Kc7 28. Kf1 Nf4 29. Qxd6+ Kb7 30. Qd7+ Qxd7 31. Rxd7+ Kc8 32. Rf7 Rxh3 33. Bxb6
Rh1+ 34. Kf2 Rh2+ 35. Kf3 Rxc2 36. Rxf6 Rxb2 37. Be3 Nd5 38. Re6 Rxa2 39. Bxg5
Ra3+ 40. Kf2 Ra2+ 41. Kf3 Ra3+ 42. Ke4 Ra4+ 43. Ke5 Rxg4 44. Bd2 Nc7 45. Rxc6
Kd7 46. Rb6 Rg2 47. Ba5 Re2+ 48. Kd4 Nb5+ 49. Kc4 1-0

[Event "Women's Speed Chess Q6"]
[Site "chess.com INT"]
[Date "2021.06.05"]
[Round "1"]
[White "Nurmanova, Alua"]
[Black "Mammadova, Gulnar"]
[Result "1-0"]
[WhiteTitle "WFM"]
[BlackTitle "IM"]
[WhiteElo "2093"]
[BlackElo "2382"]
[WhiteFideId "13729390"]
[BlackFideId "13403508"]
[EventDate "2021.06.05"]

1. e4 e6 2. d4 d5 3. Nc3 Bb4 4. e5 c5 5. a3 Bxc3+ 6. bxc3 Qa5 7. Bd2 Qa4 8. Qg4
Kf8 9. Nf3 b6 10. h4 Qxc2 11. Be2 Qe4 12. Qxe4 dxe4 13. Ng5 Bb7 14. dxc5 bxc5
15. Rb1 Bc6 16. f3 exf3 17. Bxf3 Bxf3 18. Nxf3 Nd7 19. Rb7 Ke8 20. O-O Ne7 21.
Bg5 f6 22. exf6 gxf6 23. Rd1 Rd8 24. Bf4 Nd5 25. Bd2 N7b6 26. Re1 Rd7 27. Rb8+
Rd8 28. Rb7 Nc8 29. Rxe6+ Nce7 30. c4 Kf7 31. cxd5 Rhe8 32. Ba5 Rxd5 33. Re1 c4
34. Bb4 c3 35. Rbxe7+ Rxe7 36. Rxe7+ Kg6 37. Bxc3 Rd3 38. Be1 h5 39. Rxa7 Kf5
40. a4 Kg4 41. Rg7+ Kf4 42. Bd2+ Kf5 43. a5 Ra3 44. Ra7 Ra1+ 45. Kf2 Kg4 46. a6
Kf5 47. Ra8 Ke4 48. a7 Kf5 49. Be3 Ra2+ 50. Kg3 Ra4 51. Re8 Rg4+ 52. Kf2 Rb4 53.
a8=Q Rb2+ 54. Nd2 Rb4 55. Qf3+ Kg6 56. Rg8+ Kf7 57. Qd5+ Ke7 58. Bc5# 1-0

[Event "Women's Speed Chess Q6"]
[Site "chess.com INT"]
[Date "2021.06.05"]
[Round "1"]
[White "Ambartsumova, Karina"]
[Black "Agrest, Inna"]
[Result "1-0"]
[WhiteTitle "IM"]
[BlackTitle "WIM"]
[WhiteElo "2382"]
[BlackElo "2285"]
[WhiteFideId "4166299"]
[BlackFideId "1708830"]
[EventDate "2021.06.05"]

1. c4 Nf6 2. Nf3 g6 3. g3 Bg7 4. Bg2 O-O 5. O-O d6 6. d4 Nbd7 7. Nc3 a6 8. e4 e5
9. Re1 exd4 10. Nxd4 Re8 11. h3 Rb8 12. Be3 Ne5 13. b3 c5 14. Nde2 b5 15. cxb5
axb5 16. Nf4 b4 17. Ncd5 Nxd5 18. Nxd5 c4 19. bxc4 Nxc4 20. Bd4 Ne5 21. f4 Nd7
22. Bxg7 Kxg7 23. Qd4+ f6 24. Nxb4 Qb6 25. Qxb6 Rxb6 26. Nd5 Rb2 27. Reb1 Rc2
28. Rc1 Rxc1+ 29. Rxc1 Nc5 30. Nc7 Re7 31. Nb5 Ba6 32. Nxd6 Nd3 33. Rc7 Rxc7 34.
Ne8+ Kf7 35. Nxc7 Bc4 36. a4 Nc5 37. a5 Bd3 38. e5 fxe5 39. fxe5 Ke7 40. Nd5+
Kf7 41. Nb4 Bb5 42. Bd5+ Ke7 43. Kf2 h5 44. Ke3 g5 45. h4 gxh4 46. gxh4 Nd7 47.
Kd4 Bf1 48. a6 Nb6 49. a7 Bb5 50. a8=Q Nxa8 51. Bxa8 Bd7 52. Bf3 Be8 53. Nd5+
Kd8 54. Nf6 Bf7 55. Bxh5 Be6 56. Bg4 Bf7 57. e6 Bxe6 58. Bxe6 Ke7 59. Ke5 Kf8
60. h5 Kg7 61. Ng4 Kh7 62. Kf5 Kg7 63. Kg5 Kh7 64. Bf5+ Kg7 65. h6+ Kh8 66. Ne5
Kg8 67. h7+ Kg7 68. Nf7 Kxf7 69. h8=Q 1-0

[Event "Women's Speed Chess Q6"]
[Site "chess.com INT"]
[Date "2021.06.05"]
[Round "1"]
[White "Perez Rodriguez, Jennifer"]
[Black "Nanditha, V"]
[Result "1-0"]
[WhiteTitle "WIM"]
[BlackTitle "WCM"]
[WhiteElo "2251"]
[BlackElo "1666"]
[WhiteFideId "3507831"]
[BlackFideId "46626697"]
[EventDate "2021.06.05"]

1. e4 c6 2. d4 d5 3. exd5 cxd5 4. c4 Nf6 5. Nc3 e6 6. Nf3 Be7 7. Bd3 Nc6 8. O-O
dxc4 9. Bxc4 a6 10. a3 b5 11. Bb3 Bb7 12. Re1 Qc7 13. Bg5 O-O 14. Bc2 h6 15. Bh4
Rfd8 16. Qd3 g6 17. Rad1 Nd5 18. Nxd5 Rxd5 19. Bb3 Rf5 20. Bg3 Bd6 21. Qe3 Bxg3
22. hxg3 Kh7 23. g4 Rf4 24. d5 exd5 25. g5 h5 26. Bxd5 Rg4 27. Rc1 Qd6 28. Red1
Qf4 29. Qxf4 Rxf4 30. Bxc6 Bxc6 31. Rxc6 Re8 32. Rxa6 Re2 33. Rd2 Ree4 34. Ra7
Rc4 35. Rad7 Rc1+ 36. Rd1 Rc2 37. R7d2 Rcc4 38. Rd5 h4 39. Ne5 Rc2 40. R5d2 Rxd2
41. Rxd2 Rf5 42. Nf3 h3 43. Rd4 hxg2 44. Kxg2 Kg7 45. Re4 f6 46. gxf6+ Kxf6 47.
Rd4 Rc5 48. Rb4 Rf5 49. Nd4 Rf4 50. Nxb5 Rf5 51. Nd4 Rd5 52. Nf3 Kg7 53. Rb6 Kh6
54. b4 Rd3 55. a4 Ra3 56. a5 Rb3 57. a6 Ra3 58. b5 Kh5 59. Rb7 Kg4 60. Ne5+ Kf5
61. Nc6 Rc3 62. a7 Ra3 63. b6 Rc3 64. a8=Q Rxc6 65. Rf7+ Rf6 66. Qc8+ Kg5 67.
Qd8 Kh5 68. Rxf6 g5 69. Qh8+ Kg4 70. Qh3# 1-0

[Event "Women's Speed Chess Q6"]
[Site "chess.com INT"]
[Date "2021.06.05"]
[Round "1"]
[White "Arpita, Mukherjee"]
[Black "Cori T., Deysi"]
[Result "0-1"]
[WhiteTitle "WIM"]
[BlackTitle "WGM"]
[WhiteElo "2206"]
[BlackElo "2388"]
[WhiteFideId "5056403"]
[BlackFideId "3801934"]
[EventDate "2021.06.05"]

1. e4 c5 2. Nf3 e6 3. d4 cxd4 4. Nxd4 Nc6 5. Nc3 Qc7 6. Be2 Nf6 7. O-O a6 8. Be3
Bb4 9. Nxc6 dxc6 10. Qd4 c5 11. Qd3 O-O 12. Bg5 Nd7 13. f4 b5 14. e5 Bb7 15. Qh3
c4 16. Kh1 Nc5 17. Bf3 Bxc3 18. bxc3 Ne4 19. Bxe4 Bxe4 20. Rf2 h6 21. Bh4 Qc5
22. Qg3 Kh7 23. Re1 Bf5 24. h3 Ra7 25. Qf3 Kg8 26. g4 Bh7 27. f5 exf5 28. gxf5
Re8 29. Rd2 Qb6 30. Kh2 Qc7 31. Qg3 Bxf5 32. Bf6 Bg6 33. Bh4 Qc5 34. Red1 Rxe5
35. Rd8+ Kh7 36. R1d2 Rc7 37. Rb8 Re3 38. Qf4 Bf5 39. Bg3 Rce7 40. Qf2 Qc6 41.
Rbd8 Qg6 42. R8d4 Qg5 43. Rf4 Bg6 44. Rg4 Qc5 45. Rf4 Qc6 46. Rd1 Re2 47. Rf1
Rxf2+ 48. R1xf2 Qd5 49. R4f3 Re4 50. Bh4 Rxh4 51. Rg3 Qe5 52. Rg2 Rf4 53. Kh1
Rf5 54. Kh2 Rg5 55. h4 Rxg3 56. Rxg3 Qe2+ 57. Kh3 Bf5+ 58. Rg4 Qxg4+ 0-1

[Event "Women's Speed Chess Q6"]
[Site "chess.com INT"]
[Date "2021.06.05"]
[Round "1"]
[White "Vu, Bui Thi Thanh Van"]
[Black "Vo, Thi Kim Phung"]
[Result "1-0"]
[WhiteTitle "WFM"]
[BlackTitle "WGM"]
[WhiteElo "1750"]
[BlackElo "2335"]
[WhiteFideId "12408921"]
[BlackFideId "12401838"]
[EventDate "2021.06.05"]

1. d4 Nf6 2. Nf3 e6 3. Nbd2 b6 4. e4 Bb7 5. Bd3 c5 6. c3 d6 7. O-O Be7 8. Re1
Nfd7 9. Nf1 cxd4 10. cxd4 e5 11. dxe5 dxe5 12. b3 O-O 13. Bb2 f6 14. Ne3 Bb4 15.
Re2 Kh8 16. a3 Bc5 17. b4 Bxe3 18. Rxe3 Qe7 19. Rc1 Nc6 20. Nh4 g6 21. Rh3 Qg7
22. Qg4 Rg8 23. Bc4 a6 24. Bd5 Rac8 25. Be6 Rcd8 26. Rd1 Ndb8 27. Rxd8 Nxd8 28.
Bxg8 Kxg8 29. Rd3 Ndc6 30. h3 Qf7 31. Qd1 Bc8 32. Nf3 Be6 33. Qc1 Qe7 34. Rc3
Qd7 35. Rc2 Kf7 36. Rd2 Qe7 37. Rd3 b5 38. Qh6 Kg8 39. Qd2 Bc4 40. Rc3 Nd7 41.
Rc1 Nb6 42. Qe3 Nd7 43. Nd2 Nf8 44. Nxc4 bxc4 45. Rxc4 Qd7 46. Qc3 Ne7 47. Rc7
Qd1+ 48. Kh2 Qd6 49. Qc4+ Ne6 50. Ra7 Kf7 51. Rxa6 Qd7 52. Rb6 g5 53. a4 Ng6 54.
a5 Nf4 55. a6 Qd2 56. Rb7+ Kg6 57. Qc8 Qxf2 58. Qg8+ Kh5 59. Rxh7# 1-0

[Event "Women's Speed Chess Q6"]
[Site "chess.com INT"]
[Date "2021.06.05"]
[Round "1"]
[White "Nguyen, Hong Anh"]
[Black "Sviridova, Vlada"]
[Result "1-0"]
[WhiteTitle "WIM"]
[BlackTitle "WFM"]
[WhiteElo "1993"]
[BlackElo "2144"]
[WhiteFideId "12406732"]
[BlackFideId "24109606"]
[EventDate "2021.06.05"]

1. d4 d5 2. c4 c6 3. Nf3 Nf6 4. Qc2 dxc4 5. Qxc4 Bf5 6. g3 e6 7. Bg2 Be7 8. O-O
O-O 9. Nc3 Nbd7 10. Re1 Ne4 11. Bf4 Qb6 12. Qb3 Qxb3 13. axb3 Rfd8 14. h3 h6 15.
g4 Bh7 16. Ne5 Ndf6 17. e3 g5 18. Bh2 Nxc3 19. bxc3 Nd5 20. Rec1 f6 21. Nf3 Kf7
22. Nd2 f5 23. Nc4 Kg7 24. Na5 Rd7 25. Nc4 Rdd8 26. Bf3 Bg6 27. Kg2 fxg4 28.
Bxg4 Bf5 29. Be5+ Bf6 30. Bf3 Bxe5 31. Nxe5 Nf6 32. b4 Ne4 33. c4 Nd2 34. Bg4
Bxg4 35. hxg4 Nb3 36. Rcb1 Nxa1 37. Rxa1 a6 38. Nd3 Rf8 39. Nc5 Kf6 40. Nxb7 Ke7
41. Nc5 Rfb8 42. Ra4 Rb6 43. Nd3 Rab8 44. Ra5 Rd8 45. Ne5 Rdb8 46. c5 Rb5 47.
Nxc6+ Kf6 48. Nxb8 Rxb8 49. Rxa6 Rxb4 50. d5 Rc4 51. Rxe6+ Kf7 52. c6 Rxg4+ 53.
Kf3 Rc4 54. Rxh6 Kg7 55. Rd6 Kf7 56. Rd7+ Kf6 57. c7 Ke5 58. Rd8 Rxc7 59. d6 Rc4
60. d7 Kd6 61. Rc8 g4+ 62. Kg3 Kxd7 63. Rxc4 1-0

[Event "Women's Speed Chess Q6"]
[Site "chess.com INT"]
[Date "2021.06.05"]
[Round "1"]
[White "Nemcova, Katerina"]
[Black "Dong, Khanh Linh"]
[Result "0-1"]
[WhiteTitle "WGM"]
[BlackTitle "WCM"]
[WhiteElo "2331"]
[BlackElo "1970"]
[WhiteFideId "322750"]
[BlackFideId "12403040"]
[EventDate "2021.06.05"]

1. e4 c5 2. Nf3 d6 3. d4 cxd4 4. Qxd4 Nc6 5. Bb5 Nf6 6. Nc3 Bd7 7. Bxc6 Bxc6 8.
Bg5 Qb6 9. Qxb6 axb6 10. Nd2 e6 11. O-O Be7 12. a3 O-O 13. Rad1 b5 14. Nb3 Rfe8
15. f3 Rad8 16. Be3 Rc8 17. Rfe1 Nd7 18. Nd4 Ne5 19. Ndxb5 Bxb5 20. Nxb5 Rxc2
21. Nxd6 Bxd6 22. Rxd6 Nc4 23. Rd7 Nxe3 24. Rxe3 Rxb2 25. Rc3 Rf8 26. h4 g6 27.
Kh2 Kg7 28. Kg3 Kf6 29. Kf4 e5+ 30. Kg3 h6 31. Rd6+ Kg7 32. Rd5 Re8 33. Rd7 Rf8
34. Rcc7 Rb3 35. Re7 Kf6 36. Rxb7 Rxa3 37. Rec7 Ra6 38. Kg4 h5+ 39. Kg3 Rd6 40.
Kh3 Ke6 41. Re7+ Kf6 42. g4 hxg4+ 43. Kxg4 Rd1 44. Rec7 Rg1+ 45. Kh3 Rf1 46. Kg2
Rd1 47. Rb6+ Kg7 48. Re7 Rh8 49. Rbb7 Rf8 50. Rxe5 Rd2+ 51. Kg3 Kf6 52. Ree7 Rd1
53. Rec7 Kg7 54. e5 Re1 55. f4 Re3+ 56. Kg4 Re1 57. Re7 Rg1+ 58. Kf3 Re1 59. Kg3
Kg8 60. e6 Rxe6 61. Rxe6 fxe6 62. Re7 Rf6 63. Kg4 Kf8 64. Rc7 Rf7 0-1

[Event "Women's Speed Chess Q6"]
[Site "chess.com INT"]
[Date "2021.06.05"]
[Round "1"]
[White "Dordzhieva, Dinara"]
[Black "Matveeva, Olga"]
[Result "0-1"]
[WhiteTitle "WGM"]
[BlackTitle "WIM"]
[WhiteElo "2311"]
[BlackElo "2145"]
[WhiteFideId "24157570"]
[BlackFideId "24107018"]
[EventDate "2021.06.05"]

1. Nf3 Nf6 2. d4 e6 3. c4 b6 4. g3 Bb4+ 5. Bd2 Be7 6. Bg2 Bb7 7. O-O O-O 8. Nc3
d5 9. cxd5 exd5 10. Rc1 Nbd7 11. Bf4 c5 12. Nb5 a6 13. Nd6 Bc6 14. Nf5 Re8 15.
Nxe7+ Qxe7 16. Re1 Rac8 17. Ne5 Bb7 18. Nxd7 Nxd7 19. dxc5 Nxc5 20. Qd4 Qe6 21.
Rcd1 Ne4 22. Be3 Rc6 23. Qxd5 Qxd5 24. Rxd5 Rc2 25. Rd7 Bc6 26. Rc7 h6 27. Bxb6
Rb8 28. Bd4 Re8 29. a3 f5 30. h4 g5 31. h5 Ba4 32. Rg7+ Kf8 33. Rh7 Re6 34. Bh3
g4 35. Bg2 Ng5 36. Rb7 Rd6 37. Be5 Re6 38. Bg7+ Kg8 39. Bd4 Kf8 40. Rb8+ Ke7 41.
Bd5 Rd6 42. e4 fxe4 43. Bxe4 Nxe4 44. Rxe4+ Kd7 45. Rb7+ Kc8 46. Rg7 Bc6 47. Re1
Rxd4 48. Rg8+ Kc7 49. Rg7+ Kb6 50. Rg6 Rdd2 51. Rf6 Kb5 52. Re5+ Kb6 53. Re1
Rxb2 54. Rf1 a5 55. Rxh6 a4 56. Rf6 Rb3 57. h6 Rxa3 58. h7 Rxg3+ 59. fxg3 Rg2+
60. Kh1 Rxg3+ 61. Kh2 Rh3+ 62. Kg1 Rxh7 63. Rc1 Rh1+ 64. Kf2 Rxc1 65. Kg3 a3 66.
Kxg4 a2 67. Rf8 a1=Q 68. Rb8+ Kc7 69. Rf8 Qd4+ 70. Kf5 Rf1+ 71. Kg6 Rxf8 72. Kh7
Qg4 73. Kh6 Rh8# 0-1